Antman - Statistics

General Stats
  • This quiz has been taken 80 times
  • The average score is 5 of 7
Answer Stats
Hint Answer % Correct
Who is the new antman Scott
97%
who is the original antman Hank
94%
Who is the actor for antman Paul Rudd
81%
What suit is at the end credits Wasp
80%
Who is the main villain Yellow Jacket
71%
Who is Scott's best friend Luis
61%
What did Hank Create Pym Particles
48%
No matching quizzes found
Score Distribution
Percent of People with Each Score
Percentile by Number Answered
Your Score History
You have not taken this quiz